Normal view
MARC view
- BENAZIR BHUTTO-AUTO BIOGRAPHY.DAUGHTER OF THE EAST
Entry Topical Term
001 - CONTROL NUMBER
- control field: 78547
003 - CONTROL NUMBER IDENTIFIER
- control field: NUST
005 - DATE AND TIME OF LATEST TRANSACTION
- control field: 20210628210217.0
008 - FIXED-LENGTH DATA ELEMENTS
- fixed length control field: 210628|| aca||aabn | a|a d
040 ## - CATALOGING SOURCE
- Original cataloging agency: NUST
- Transcribing agency: NUST
150 ## - HEADING--TOPICAL TERM
- Topical term or geographic name entry element: BENAZIR BHUTTO-AUTO BIOGRAPHY.DAUGHTER OF THE EAST
670 ## - SOURCE DATA FOUND
- Source citation: Work cat.: (NUST): Sajjad Bokhari 78546, Mashriq key battey behnazir bhutto,an auto biograogy, 1995
